Países Aleatórios em um Mapa da Africa - Statistics

Estatísticas Gerais
  • Esse quiz foi jogado 15 362 vezes
  • A pontuação média é 13 de 15
Respostas no mapa
Respostas codificadas por cores de uma escala verde-vermelha no mapa do quiz de acordo com a % correta abaixo.
 
Estatísticas das Respostas
País % Correto
África do Sul
98%
Egito
98%
Madagascar
98%
Marrocos
97%
República Democrática do Congo
95%
Argélia
94%
Sudão
94%
Angola
93%
Somália
93%
Tunísia
93%
Cabo Verde
92%
Líbia
92%
Moçambique
92%
Etiópia
91%
Niger
91%
Sudão do Sul
91%
Nigéria
90%
Lesoto
89%
Mali
88%
Namíbia
88%
Guiné
87%
República Centro-Africana
87%
Senegal
87%
Chade
86%
Costa do Marfim
86%
Eritréia
86%
Gana
86%
Quênia
86%
República do Congo
86%
Zâmbia
86%
Camarões
85%
Mauritânia
85%
São Tomé e Príncipe
85%
Togo
85%
Zimbábue
85%
Botswana
84%
Ruanda
84%
Seychelles
84%
Tanzânia
84%
Guiné Equatorial
83%
Serra Leoa
83%
Guiné-Bissau
82%
Suazilândia
82%
Djibouti
81%
Gambia
81%
Mauricía
81%
Uganda
81%
Benim
80%
Comores
80%
Burkina Faso
79%
Gabão
79%
Libéria
76%
Malawi
76%
Burundi
75%
Nenhum quiz correspondente encontrado
Distribuição das Pontuações
Porcentagem de Pessoas com Cada Pontuação
Percentil de Números Respondidos
Sua Pontuação Histórica
Você não jogou esse quiz